[Event "Senior Men Russian Championship 2022_HL"]
[Site "Saint-Petersburg, Russia"]
[Date "2022.09.27"]
[Round "4.8"]
[White "Vul, Arkadi Eremeevich"]
[Black "Filipenko, Alexander V"]
[Result "1/2-1/2"]
[TimeControl "40+30"]
[WhiteElo "2181"]
[BlackElo "2171"]

1. Nf3 {[%clk 01:30:43]} {[%emt 00:00:16]} d5 {[%clk 01:30:51]} {[%emt
00:00:09]} 2. d4 {[%clk 01:31:07]} {[%emt 00:00:07]} Nf6 {[%clk 01:31:15]}
{[%emt 00:00:06]} 3. c4 {[%clk 01:31:32]} {[%emt 00:00:05]} e6 {[%clk
01:31:39]} {[%emt 00:00:06]} 4. Nc3 {[%clk 01:31:52]} {[%emt 00:00:09]} c6
{[%clk 01:32:02]} {[%emt 00:00:07]} 5. e3 {[%clk 01:31:56]} {[%emt 00:00:27]}
Nbd7 {[%clk 01:32:23]} {[%emt 00:00:09]} 6. Bd3 {[%clk 01:26:02]} {[%emt
00:06:24]} dxc4 {[%clk 01:32:37]} {[%emt 00:00:16]} 7. Bxc4 {[%clk 01:26:30]}
{[%emt 00:00:02]} b5 {[%clk 01:32:58]} {[%emt 00:00:08]} 8. Bd3 {[%clk
01:24:27]} {[%emt 00:02:34]} Bb7 {[%clk 01:33:20]} {[%emt 00:00:07]} 9. O-O
{[%clk 01:23:14]} {[%emt 00:01:43]} a6 {[%clk 01:30:01]} {[%emt 00:03:50]} 10.
a4 {[%clk 01:17:22]} {[%emt 00:06:22]} b4 {[%clk 01:27:01]} {[%emt 00:03:30]}
11. Ne4 {[%clk 01:17:06]} {[%emt 00:00:46]} c5 {[%clk 01:24:03]} {[%emt
00:03:29]} 12. Nxf6+ {[%clk 01:16:35]} {[%emt 00:01:01]} Nxf6 {[%clk 01:17:25]}
{[%emt 00:07:06]} 13. dxc5 {[%clk 01:10:14]} {[%emt 00:06:52]} Ne4 {[%clk
01:01:00]} {[%emt 00:16:55]} 14. c6 {[%clk 00:47:33]} {[%emt 00:23:11]} Bxc6
{[%clk 01:01:14]} {[%emt 00:00:16]} 15. Ne5 {[%clk 00:26:59]} {[%emt 00:21:04]}
Bb7 {[%clk 00:45:33]} {[%emt 00:16:11]} 16. Nxf7 {[%clk 00:18:12]} {[%emt
00:09:18]} Kxf7 {[%clk 00:45:33]} {[%emt 00:00:29]} 17. Qf3+ {[%clk 00:18:40]}
{[%emt 00:00:01]} Qf6 {[%clk 00:45:40]} {[%emt 00:00:23]} 18. Bxe4 {[%clk
00:19:05]} {[%emt 00:00:05]} Qxf3 {[%clk 00:45:56]} {[%emt 00:00:14]} 19. Bxf3
{[%clk 00:17:07]} {[%emt 00:02:29]} Bxf3 {[%clk 00:46:12]} {[%emt 00:00:14]} 20.
gxf3 {[%clk 00:17:35]} {[%emt 00:00:01]} Be7 {[%clk 00:43:10]} {[%emt
00:03:33]} 21. e4 {[%clk 00:13:25]} {[%emt 00:04:39]} Bf6 {[%clk 00:34:01]}
{[%emt 00:09:39]} 22. Rb1 {[%clk 00:10:17]} {[%emt 00:03:39]} Rhd8 {[%clk
00:29:31]} {[%emt 00:05:00]} 23. Be3 {[%clk 00:09:58]} {[%emt 00:00:48]} Rac8
{[%clk 00:28:07]} {[%emt 00:01:54]} 24. f4 {[%clk 00:09:13]} {[%emt 00:01:16]}
Bd4 {[%clk 00:22:45]} {[%emt 00:05:51]} 25. Rfd1 {[%clk 00:08:00]} {[%emt
00:01:43]} Bxe3 {[%clk 00:22:05]} {[%emt 00:01:10]} 26. fxe3 {[%clk 00:08:13]}
{[%emt 00:00:18]} Kf6 {[%clk 00:17:58]} {[%emt 00:04:36]} 27. Rbc1 {[%clk
00:05:32]} {[%emt 00:03:11]} Rxc1 {[%clk 00:14:04]} {[%emt 00:04:24]} 28. Rxc1
{[%clk 00:06:00]} {[%emt 00:00:02]} Rd2 {[%clk 00:14:21]} {[%emt 00:00:11]} 29.
Rc6 {[%clk 00:05:35]} {[%emt 00:00:55]} g6 {[%clk 00:14:10]} {[%emt 00:00:42]}
30. Rxa6 {[%clk 00:05:41]} {[%emt 00:00:23]} Rxb2 {[%clk 00:14:28]} {[%emt
00:00:13]} 31. Rb6 {[%clk 00:05:29]} {[%emt 00:00:42]} Re2 {[%clk 00:13:24]}
{[%emt 00:01:34]} 32. Rxb4 {[%clk 00:05:47]} {[%emt 00:00:12]} Rxe3 {[%clk
00:13:46]} {[%emt 00:00:09]} 33. Kf2 {[%clk 00:03:14]} {[%emt 00:03:02]} Ra3
{[%clk 00:14:13]} {[%emt 00:00:02]} 34. Kg2 {[%clk 00:02:12]} {[%emt 00:01:33]}
g5 {[%emt 00:03:37]} 1/2-1/2

[Event "Senior Men Russian Championship 2022_HL"]
[Site "Saint-Petersburg, Russia"]
[Date "2022.09.27"]
[Round "4.10"]
[White "Nikitinyh, Boris"]
[Black "Zhelnin, Vladimir V"]
[Result "0-1"]
[TimeControl "40+30"]
[WhiteElo "1853"]
[BlackElo "2344"]

1. d4 {[%clk 01:30:55]} {[%emt 00:00:04]} g6 {[%clk 01:30:43]} {[%emt
00:00:16]} 2. e4 {[%clk 01:30:54]} {[%emt 00:00:32]} Bg7 {[%clk 01:31:05]}
{[%emt 00:00:08]} 3. Nf3 {[%clk 01:31:04]} {[%emt 00:00:19]} d6 {[%clk
01:31:14]} {[%emt 00:00:21]} 4. Be2 {[%clk 01:30:39]} {[%emt 00:00:56]} Nf6
{[%clk 01:30:52]} {[%emt 00:00:52]} 5. Nc3 {[%clk 01:30:45]} {[%emt 00:00:24]}
O-O {[%clk 01:30:51]} {[%emt 00:00:31]} 6. O-O {[%clk 01:30:37]} {[%emt
00:00:38]} a6 {[%clk 01:27:39]} {[%emt 00:03:44]} 7. Re1 {[%clk 01:27:12]}
{[%emt 00:03:54]} b5 {[%clk 01:19:15]} {[%emt 00:08:54]} 8. Bd3 {[%clk
01:25:58]} {[%emt 00:01:43]} b4 {[%clk 01:04:50]} {[%emt 00:14:56]} 9. Ne2
{[%clk 01:25:10]} {[%emt 00:01:17]} Bg4 {[%clk 01:02:12]} {[%emt 00:03:08]} 10.
Ng3 {[%clk 01:22:15]} {[%emt 00:03:26]} Nc6 {[%clk 00:57:22]} {[%emt 00:05:19]}
11. c3 {[%clk 01:19:57]} {[%emt 00:02:49]} bxc3 {[%clk 00:56:58]} {[%emt
00:00:54]} 12. bxc3 {[%clk 01:20:12]} {[%emt 00:00:14]} e5 {[%clk 00:56:45]}
{[%emt 00:00:44]} 13. d5 {[%clk 01:18:29]} {[%emt 00:02:13]} Ne7 {[%clk
00:57:02]} {[%emt 00:00:12]} 14. h3 {[%clk 01:18:36]} {[%emt 00:00:24]} Bd7
{[%clk 00:57:06]} {[%emt 00:00:27]} 15. Be3 {[%clk 01:17:52]} {[%emt 00:01:12]}
Ne8 {[%clk 00:54:25]} {[%emt 00:03:12]} 16. Qd2 {[%clk 01:15:50]} {[%emt
00:02:32]} f5 {[%clk 00:52:40]} {[%emt 00:02:15]} 17. exf5 {[%clk 01:09:29]}
{[%emt 00:06:51]} gxf5 {[%clk 00:48:16]} {[%emt 00:04:54]} 18. Bg5 {[%clk
01:06:51]} {[%emt 00:03:08]} Nf6 {[%clk 00:46:27]} {[%emt 00:02:19]} 19. Nh4
{[%clk 01:02:39]} {[%emt 00:04:41]} Qc8 {[%clk 00:36:42]} {[%emt 00:10:16]} 20.
Bc2 {[%clk 00:53:41]} {[%emt 00:09:27]} Rf7 {[%clk 00:29:18]} {[%emt 00:07:55]}
21. c4 {[%clk 00:52:20]} {[%emt 00:01:51]} f4 {[%clk 00:22:56]} {[%emt
00:06:52]} 22. Nf1 {[%clk 00:47:01]} {[%emt 00:05:48]} h6 {[%clk 00:21:08]}
{[%emt 00:02:18]} 23. Bxf6 {[%clk 00:45:32]} {[%emt 00:01:59]} Bxf6 {[%clk
00:21:16]} {[%emt 00:00:23]} 24. Nf3 {[%clk 00:45:12]} {[%emt 00:00:49]} Bxh3
{[%clk 00:19:07]} {[%emt 00:02:39]} 25. Ng3 {[%clk 00:40:49]} {[%emt 00:04:53]}
Bg4 {[%clk 00:15:45]} {[%emt 00:03:52]} 26. Nh2 {[%clk 00:36:52]} {[%emt
00:04:27]} fxg3 {[%clk 00:15:37]} {[%emt 00:00:39]} 27. fxg3 {[%clk 00:36:49]}
{[%emt 00:00:32]} Bg5 {[%clk 00:14:58]} {[%emt 00:01:08]} 28. Qc3 {[%clk
00:36:14]} {[%emt 00:01:06]} Bf5 {[%clk 00:13:44]} {[%emt 00:01:43]} 29. Nf3
{[%clk 00:35:53]} {[%emt 00:00:51]} Bxc2 {[%clk 00:13:08]} {[%emt 00:01:07]} 30.
Qxc2 {[%clk 00:35:46]} {[%emt 00:00:37]} Qf5 {[%clk 00:13:19]} {[%emt
00:00:19]} 31. Qe2 {[%clk 00:35:43]} {[%emt 00:00:34]} Qg4 {[%clk 00:12:16]}
{[%emt 00:01:31]} 32. Nxg5 {[%clk 00:35:00]} {[%emt 00:01:13]} Qxg5 {[%clk
00:12:23]} {[%emt 00:00:24]} 33. g4 {[%clk 00:33:55]} {[%emt 00:01:35]} Raf8
{[%clk 00:10:20]} {[%emt 00:02:33]} 34. Rad1 {[%clk 00:34:03]} {[%emt
00:00:22]} Ng6 {[%clk 00:10:11]} {[%emt 00:00:40]} 0-1

[Event "Senior Men Russian Championship 2022_HL"]
[Site "Saint-Petersburg, Russia"]
[Date "2022.09.27"]
[Round "4.11"]
[White "Kornilov, Anatoly"]
[Black "Yakovlev, Yuri S."]
[Result "1-0"]
[TimeControl "40+30"]
[WhiteElo "2094"]
[BlackElo "1649"]

1. d4 {[%clk 01:30:55]} {[%emt 00:00:04]} c5 {[%clk 01:30:57]} {[%emt
00:00:04]} 2. d5 {[%clk 01:31:11]} {[%emt 00:00:14]} e5 {[%clk 01:31:22]}
{[%emt 00:00:04]} 3. c4 {[%clk 01:31:20]} {[%emt 00:00:22]} d6 {[%clk
01:31:46]} {[%emt 00:00:05]} 4. e4 {[%clk 01:31:39]} {[%emt 00:00:11]} f5
{[%clk 01:31:46]} {[%emt 00:00:31]} 5. Nc3 {[%clk 01:31:45]} {[%emt 00:00:24]}
Nf6 {[%clk 01:31:30]} {[%emt 00:00:46]} 6. Bd3 {[%clk 01:31:35]} {[%emt
00:00:40]} f4 {[%clk 01:30:22]} {[%emt 00:01:38]} 7. g3 {[%clk 01:30:38]}
{[%emt 00:01:26]} fxg3 {[%clk 01:28:19]} {[%emt 00:02:33]} 8. hxg3 {[%clk
01:30:47]} {[%emt 00:00:21]} Na6 {[%clk 01:26:07]} {[%emt 00:02:42]} 9. f3
{[%clk 01:30:41]} {[%emt 00:00:36]} Bd7 {[%clk 01:23:41]} {[%emt 00:02:56]} 10.
Be3 {[%clk 01:29:28]} {[%emt 00:01:42]} Be7 {[%clk 01:20:08]} {[%emt 00:04:04]}
11. Qd2 {[%clk 01:29:31]} {[%emt 00:00:27]} Qc8 {[%clk 01:18:53]} {[%emt
00:01:45]} 12. O-O-O {[%clk 01:28:40]} {[%emt 00:01:22]} Nc7 {[%clk 01:16:25]}
{[%emt 00:02:57]} 13. g4 {[%clk 01:27:31]} {[%emt 00:01:40]} Kd8 {[%clk
01:13:39]} {[%emt 00:03:15]} 14. Nge2 {[%clk 01:23:56]} {[%emt 00:04:05]} a6
{[%clk 01:13:39]} {[%emt 00:00:32]} 15. Ng3 {[%clk 01:24:08]} {[%emt 00:00:17]}
b5 {[%clk 01:11:40]} {[%emt 00:02:29]} 16. Nf5 {[%clk 01:24:14]} {[%emt
00:00:23]} b4 {[%clk 01:08:27]} {[%emt 00:03:44]} 17. Ne2 {[%clk 01:24:26]}
{[%emt 00:00:17]} Bxf5 {[%clk 01:01:22]} {[%emt 00:07:36]} 18. exf5 {[%clk
01:24:39]} {[%emt 00:00:16]} Nce8 {[%clk 00:59:57]} {[%emt 00:01:56]} 19. Rh2
{[%clk 01:24:05]} {[%emt 00:01:03]} e4 {[%clk 00:55:01]} {[%emt 00:05:25]} 20.
Bxe4 {[%clk 01:24:16]} {[%emt 00:00:20]} Nxe4 {[%clk 00:55:29]} {[%emt
00:00:03]} 21. fxe4 {[%clk 01:24:20]} {[%emt 00:00:25]} Nf6 {[%clk 00:53:20]}
{[%emt 00:02:38]} 22. Nf4 {[%clk 01:24:12]} {[%emt 00:00:38]} Kc7 {[%clk
00:50:07]} {[%emt 00:03:44]} 23. Ne6+ {[%clk 01:23:18]} {[%emt 00:01:25]} Kb6
{[%clk 00:47:59]} {[%emt 00:02:38]} 24. Qg2 {[%clk 01:23:33]} {[%emt 00:00:14]}
Nd7 {[%clk 00:44:04]} {[%emt 00:04:25]} 25. Bf4 {[%clk 01:23:00]} {[%emt
00:01:04]} Ra7 {[%clk 00:43:00]} {[%emt 00:01:33]} 26. g5 {[%clk 01:21:48]}
{[%emt 00:01:41]} Bf8 {[%clk 00:39:32]} {[%emt 00:03:59]} 27. Qc2 {[%clk
01:18:12]} {[%emt 00:04:05]} Ne5 {[%clk 00:37:47]} {[%emt 00:02:16]} 28. Bxe5
{[%clk 01:16:26]} {[%emt 00:02:16]} dxe5 {[%clk 00:35:21]} {[%emt 00:02:56]} 29.
Qa4 {[%clk 01:15:46]} {[%emt 00:01:09]} Bd6 {[%clk 00:31:04]} {[%emt 00:04:47]}
30. Rdh1 {[%clk 01:15:52]} {[%emt 00:00:25]} Qd7 {[%clk 00:30:32]} {[%emt
00:01:03]} 31. Qxd7 {[%clk 01:16:10]} {[%emt 00:00:12]} Rxd7 {[%clk 00:30:49]}
{[%emt 00:00:13]} 32. Rxh7 {[%clk 01:16:34]} {[%emt 00:00:06]} Rg8 {[%clk
00:30:10]} {[%emt 00:01:09]} 33. Rh8 {[%clk 01:16:31]} {[%emt 00:00:33]} Rxh8
{[%clk 00:29:32]} {[%emt 00:01:08]} 34. Rxh8 {[%clk 01:16:58]} {[%emt
00:00:03]} 1-0

[Event "Senior Men Russian Championship 2022_HL"]
[Site "Saint-Petersburg, Russia"]
[Date "2022.09.28"]
[Round "5.1"]
[White "Ponfilenok, Vladimir"]
[Black "Ionov, Sergey"]
[Result "0-1"]
[TimeControl "40+30"]
[WhiteElo "2298"]
[BlackElo "2513"]

1. d4 {[%clk 01:30:57]} {[%emt 00:00:02]} Nf6 {[%clk 01:30:33]} {[%emt
00:00:27]} 2. c4 {[%clk 01:31:26]} {[%emt 00:00:02]} e6 {[%clk 01:30:53]}
{[%emt 00:00:10]} 3. g3 {[%clk 01:31:54]} {[%emt 00:00:02]} Bb4+ {[%clk
01:30:50]} {[%emt 00:00:32]} 4. Bd2 {[%clk 01:32:08]} {[%emt 00:00:16]} Be7
{[%clk 01:30:56]} {[%emt 00:00:24]} 5. Bg2 {[%clk 01:32:27]} {[%emt 00:00:11]}
d5 {[%clk 01:31:22]} {[%emt 00:00:04]} 6. Nf3 {[%clk 01:32:44]} {[%emt
00:00:13]} O-O {[%clk 01:31:46]} {[%emt 00:00:07]} 7. O-O {[%clk 01:33:08]}
{[%emt 00:00:05]} Nbd7 {[%clk 01:32:11]} {[%emt 00:00:05]} 8. Qc2 {[%clk
01:33:29]} {[%emt 00:00:09]} c6 {[%clk 01:32:31]} {[%emt 00:00:10]} 9. Bf4
{[%clk 01:33:37]} {[%emt 00:00:21]} a5 {[%clk 01:32:57]} {[%emt 00:00:05]} 10.
Rd1 {[%clk 01:25:51]} {[%emt 00:08:16]} a4 {[%clk 01:33:16]} {[%emt 00:00:12]}
11. Ne5 {[%clk 01:19:38]} {[%emt 00:06:41]} Qa5 {[%clk 01:33:10]} {[%emt
00:00:37]} 12. Nc3 {[%clk 01:17:11]} {[%emt 00:02:56]} Nxe5 {[%clk 01:24:29]}
{[%emt 00:09:11]} 13. dxe5 {[%clk 01:13:22]} {[%emt 00:04:21]} Nd7 {[%clk
01:23:50]} {[%emt 00:01:08]} 14. cxd5 {[%clk 01:13:33]} {[%emt 00:00:19]} exd5
{[%clk 01:24:01]} {[%emt 00:00:19]} 15. e4 {[%clk 00:59:44]} {[%emt 00:14:19]}
dxe4 {[%clk 01:23:41]} {[%emt 00:00:50]} 16. Qxe4 {[%clk 00:45:45]} {[%emt
00:14:29]} Nc5 {[%clk 01:18:45]} {[%emt 00:05:26]} 17. Qe3 {[%clk 00:39:16]}
{[%emt 00:06:59]} Bg4 {[%clk 01:08:31]} {[%emt 00:10:42]} 18. Bf3 {[%clk
00:39:42]} {[%emt 00:00:05]} Bxf3 {[%clk 01:05:43]} {[%emt 00:03:19]} 19. Qxf3
{[%clk 00:39:25]} {[%emt 00:00:46]} Qb4 {[%clk 01:06:03]} {[%emt 00:00:10]} 20.
Rab1 {[%clk 00:24:43]} {[%emt 00:15:13]} Rfd8 {[%clk 01:04:26]} {[%emt
00:02:06]} 21. a3 {[%clk 00:23:25]} {[%emt 00:01:50]} Qc4 {[%clk 00:59:46]}
{[%emt 00:05:08]} 22. h4 {[%clk 00:19:06]} {[%emt 00:04:50]} h6 {[%clk
00:54:36]} {[%emt 00:05:40]} 23. Rxd8+ {[%clk 00:10:02]} {[%emt 00:09:35]} Rxd8
{[%clk 00:55:00]} {[%emt 00:00:04]} 24. Rd1 {[%clk 00:10:30]} {[%emt 00:00:02]}
Rxd1+ {[%clk 00:50:21]} {[%emt 00:05:10]} 25. Nxd1 {[%clk 00:10:57]} {[%emt
00:00:03]} Ne6 {[%clk 00:40:23]} {[%emt 00:10:28]} 26. Be3 {[%clk 00:06:41]}
{[%emt 00:04:46]} Qb5 {[%clk 00:26:02]} {[%emt 00:14:50]} 27. Qg4 {[%clk
00:07:08]} {[%emt 00:00:03]} Kf8 {[%clk 00:24:39]} {[%emt 00:01:54]} 28. f4
{[%clk 00:05:42]} {[%emt 00:01:56]} Bc5 {[%clk 00:25:01]} {[%emt 00:00:08]} 29.
Bxc5+ {[%clk 00:04:56]} {[%emt 00:01:16]} Qxc5+ {[%clk 00:25:26]} {[%emt
00:00:05]} 30. Kf1 {[%clk 00:04:54]} {[%emt 00:00:29]} Qd4 {[%clk 00:22:53]}
{[%emt 00:03:06]} 31. Nc3 {[%clk 00:04:01]} {[%emt 00:01:23]} g6 {[%clk
00:20:06]} {[%emt 00:03:16]} 32. Qe2 {[%clk 00:03:38]} {[%emt 00:00:53]} Nc5
{[%clk 00:19:41]} {[%emt 00:00:56]} 33. Qd1 {[%clk 00:02:30]} {[%emt 00:01:36]}
Qxd1+ {[%clk 00:18:28]} {[%emt 00:01:44]} 34. Nxd1 {[%clk 00:02:59]} {[%emt
00:00:02]} Ke7 {[%clk 00:17:36]} {[%emt 00:01:22]} 35. Ke2 {[%clk 00:03:27]}
{[%emt 00:00:02]} Ke6 {[%clk 00:16:46]} {[%emt 00:01:20]} 36. Ne3 {[%clk
00:02:25]} {[%emt 00:01:31]} h5 {[%clk 00:17:04]} {[%emt 00:00:12]} 37. Kf3
{[%clk 00:01:49]} {[%emt 00:01:06]} b5 {[%clk 00:16:43]} {[%emt 00:00:51]} 38.
g4 {[%clk 00:01:43]} {[%emt 00:00:36]} hxg4+ {[%clk 00:13:20]} {[%emt
00:03:52]} 39. Kxg4 {[%clk 00:02:10]} {[%emt 00:00:03]} Nd3 {[%clk 00:13:25]}
{[%emt 00:00:25]} 40. Kg5 {[%clk 00:31:06]} {[%emt 00:01:35]} Nxb2 {[%clk
00:40:47]} {[%emt 00:03:08]} 41. f5+ {[%clk 00:31:16]} {[%emt 00:00:19]} Kxe5
{[%clk 00:31:48]} {[%emt 00:09:30]} 42. fxg6 {[%clk 00:31:13]} {[%emt
00:00:33]} fxg6 {[%clk 00:32:14]} {[%emt 00:00:04]} 43. Kxg6 {[%clk 00:30:58]}
{[%emt 00:00:45]} Nd3 {[%clk 00:30:46]} {[%emt 00:01:57]} 44. Ng2 {[%clk
00:29:59]} {[%emt 00:01:28]} Nf4+ {[%clk 00:29:09]} {[%emt 00:02:09]} 45. Nxf4
{[%clk 00:30:24]} {[%emt 00:00:05]} Kxf4 {[%clk 00:29:37]} {[%emt 00:00:02]} 46.
h5 {[%clk 00:30:46]} {[%emt 00:00:07]} b4 {[%clk 00:30:06]} {[%emt 00:00:02]}
47. h6 {[%clk 00:30:55]} {[%emt 00:00:20]} b3 {[%clk 00:30:34]} {[%emt
00:00:02]} 48. h7 {[%clk 00:29:56]} {[%emt 00:01:29]} b2 {[%clk 00:30:47]}
{[%emt 00:00:17]} 49. h8=Q {[%clk 00:30:22]} {[%emt 00:00:05]} b1=Q+ {[%clk
00:31:06]} {[%emt 00:00:10]} 50. Kf7 {[%clk 00:30:46]} {[%emt 00:00:06]} Qf5+
{[%clk 00:31:12]} {[%emt 00:00:24]} 0-1

[Event "Senior Men Russian Championship 2022_HL"]
[Site "Saint-Petersburg, Russia"]
[Date "2022.09.28"]
[Round "5.2"]
[White "Kozlov, Oleg"]
[Black "Provotorov, Alexandr P."]
[Result "1/2-1/2"]
[TimeControl "40+30"]
[WhiteElo "2279"]
[BlackElo "2277"]

1. d4 {[%clk 01:30:51]} {[%emt 00:00:08]} Nf6 {[%clk 01:30:44]} {[%emt
00:00:16]} 2. Nf3 {[%clk 01:31:05]} {[%emt 00:00:16]} g6 {[%clk 01:30:14]}
{[%emt 00:01:00]} 3. Bg5 {[%clk 01:24:18]} {[%emt 00:07:17]} Bg7 {[%clk
01:29:44]} {[%emt 00:00:59]} 4. Nbd2 {[%clk 01:24:45]} {[%emt 00:00:04]} O-O
{[%clk 01:27:23]} {[%emt 00:02:51]} 5. c3 {[%clk 01:24:16]} {[%emt 00:01:00]}
d6 {[%clk 01:27:24]} {[%emt 00:00:28]} 6. e4 {[%clk 01:22:18]} {[%emt
00:02:27]} Nbd7 {[%clk 01:22:00]} {[%emt 00:05:55]} 7. Bc4 {[%clk 01:21:14]}
{[%emt 00:01:34]} e5 {[%clk 01:21:43]} {[%emt 00:00:47]} 8. dxe5 {[%clk
01:21:08]} {[%emt 00:00:36]} dxe5 {[%clk 01:20:53]} {[%emt 00:01:20]} 9. h3
{[%clk 01:11:19]} {[%emt 00:10:19]} h6 {[%clk 01:04:20]} {[%emt 00:17:02]} 10.
Be3 {[%clk 01:11:14]} {[%emt 00:00:35]} Nh5 {[%clk 01:03:39]} {[%emt 00:01:12]}
11. g3 {[%clk 00:59:40]} {[%emt 00:12:04]} Qf6 {[%clk 00:57:34]} {[%emt
00:06:34]} 12. Ng1 {[%clk 00:35:46]} {[%emt 00:24:25]} Qe7 {[%clk 00:53:37]}
{[%emt 00:04:27]} 13. Ne2 {[%clk 00:35:54]} {[%emt 00:00:22]} Nhf6 {[%clk
00:52:02]} {[%emt 00:02:04]} 14. g4 {[%clk 00:31:56]} {[%emt 00:04:29]} Nc5
{[%clk 00:46:34]} {[%emt 00:05:58]} 15. Qc2 {[%clk 00:27:48]} {[%emt 00:04:38]}
c6 {[%clk 00:40:59]} {[%emt 00:06:05]} 16. Ng3 {[%clk 00:08:33]} {[%emt
00:19:45]} Ne6 {[%clk 00:40:02]} {[%emt 00:01:26]} 17. f3 {[%clk 00:06:30]}
{[%emt 00:02:34]} b5 {[%clk 00:39:07]} {[%emt 00:01:25]} 18. Bxe6 {[%clk
00:06:43]} {[%emt 00:00:18]} Bxe6 {[%clk 00:39:20]} {[%emt 00:00:15]} 19. b4
{[%clk 00:05:44]} {[%emt 00:01:30]} Rfd8 {[%clk 00:39:39]} {[%emt 00:00:11]} 20.
Nb3 {[%clk 00:03:36]} {[%emt 00:02:38]} Nd7 {[%clk 00:35:34]} {[%emt 00:04:34]}
21. Na5 {[%clk 00:02:38]} {[%emt 00:01:29]} Rdc8 {[%clk 00:35:56]} {[%emt
00:00:07]} 22. Qd2 {[%clk 00:01:44]} {[%emt 00:01:24]} c5 {[%clk 00:35:57]}
{[%emt 00:00:29]} 23. a3 {[%clk 00:01:46]} {[%emt 00:00:30]} cxb4 {[%clk
00:36:05]} {[%emt 00:00:21]} 24. axb4 {[%clk 00:01:52]} {[%emt 00:00:25]} Nb6
{[%clk 00:36:21]} {[%emt 00:00:13]} 25. Kf2 {[%clk 00:00:53]} {[%emt 00:01:29]}
Qh4 {[%clk 00:34:24]} {[%emt 00:02:26]} 26. Kg2 {[%clk 00:01:12]} {[%emt
00:00:12]} Rd8 {[%clk 00:34:47]} {[%emt 00:00:07]} 27. Qc1 {[%clk 00:00:51]}
{[%emt 00:00:51]} Rac8 {[%clk 00:34:47]} {[%emt 00:00:30]} 28. Nb7 {[%clk
00:00:48]} {[%emt 00:00:33]} Rd3 {[%clk 00:35:06]} {[%emt 00:00:11]} 29. Nc5
{[%clk 00:01:06]} {[%emt 00:00:12]} Rd6 {[%clk 00:34:47]} {[%emt 00:00:48]} 30.
Rd1 {[%clk 00:00:39]} {[%emt 00:00:58]} Rxd1 {[%clk 00:34:41]} {[%emt
00:00:36]} 31. Qxd1 {[%clk 00:01:08]} {[%emt 00:00:01]} Rd8 {[%clk 00:32:17]}
{[%emt 00:02:54]} 32. Qe1 {[%clk 00:01:25]} {[%emt 00:00:12]} Qe7 {[%clk
00:28:56]} {[%emt 00:03:50]} 33. h4 {[%clk 00:00:51]} {[%emt 00:01:05]} Bc8
{[%clk 00:28:03]} {[%emt 00:01:24]} 34. h5 {[%clk 00:01:07]} {[%emt 00:00:14]}
Nc4 {[%clk 00:28:16]} {[%emt 00:00:16]} 35. Ra2 {[%clk 00:00:36]} {[%emt
00:01:02]} Bf8 {[%clk 00:26:45]} {[%emt 00:02:01]} 36. Bf2 {[%clk 00:00:41]}
{[%emt 00:00:25]} Qc7 {[%clk 00:26:37]} {[%emt 00:00:38]} 37. Nb3 {[%clk
00:00:55]} {[%emt 00:00:16]} a6 {[%clk 00:26:43]} {[%emt 00:00:25]} 38. Qg1
{[%clk 00:00:35]} {[%emt 00:00:49]} Rd3 {[%clk 00:26:27]} {[%emt 00:00:45]} 39.
Qe1 {[%clk 00:00:45]} {[%emt 00:00:21]} Bxb4 {[%clk 00:26:00]} {[%emt
00:00:57]} 40. cxb4 {[%clk 00:30:58]} {[%emt 00:00:17]} Rxb3 {[%clk 00:56:25]}
{[%emt 00:00:05]} 41. Bc5 {[%clk 00:22:08]} {[%emt 00:09:20]} Rd3 {[%clk
00:55:32]} {[%emt 00:01:22]} 42. Qe2 {[%clk 00:12:40]} {[%emt 00:09:59]} Qd8
{[%clk 00:50:28]} {[%emt 00:05:33]} 43. hxg6 {[%clk 00:12:01]} {[%emt
00:01:09]} fxg6 {[%clk 00:50:51]} {[%emt 00:00:06]} 44. Nf1 {[%clk 00:12:21]}
{[%emt 00:00:11]} Rd7 {[%clk 00:46:24]} {[%emt 00:04:57]} 45. Ne3 {[%clk
00:11:31]} {[%emt 00:01:20]} Nxe3+ {[%clk 00:38:29]} {[%emt 00:08:24]} 46. Qd1
{[%emt 00:00:18]} 1/2-1/2